|
|
|
|
| LEADER |
00000ny a22000003n 4500 |
| 003 |
WaSeSS |
| 005 |
20110511114439.0 |
| 008 |
100413c19969999caufr p|s | a0eng c |
| 010 |
|
|
|a 2008228522
|
| 022 |
|
|
|a 0733-401X
|
| 022 |
|
|
|a 1942-8553
|
| 035 |
|
|
|a 2899
|
| 040 |
|
|
|a OCoLC
|c OCoLC
|d vLex
|
| 090 |
|
|
|c 1632
|d 1632
|
| 245 |
0 |
0 |
|a UCLA journal of environmental law & policy
|h [Recurso electrn̤ico]
|
| 246 |
3 |
0 |
|a UCLA journal of environmental law and policy.
|
| 246 |
3 |
0 |
|a Journal of environmental law & policy
|
| 246 |
3 |
0 |
|a University of California, Los Angeles journal of environmental law and policy
|
| 256 |
|
|
|a Servicio en ln̕ea
|
| 260 |
|
|
|a [Los Angeles] :
|b [UCLA School of Law, Environmental Law Society]
|
| 310 |
|
|
|a Semestral
|
| 506 |
1 |
|
|a Contenido solo disponible en los productos indicados
|d vLex Global
|d vLex Global (Academic Edition, excluding Law Schools)
|d vLex Global (Academic Edition, Law Schools)
|
| 650 |
0 |
4 |
|a Medio ambiente
|x Legislacin̤
|z Estados Unidos
|x Publicaciones perid̤icas
|
| 650 |
0 |
4 |
|a Environmental issues
|
| 650 |
0 |
4 |
|a Environmental Issues
|
| 710 |
2 |
|
|a Environmental Law Society (University of California, Los Angeles)
|
| 740 |
0 |
|
|a vLex Revista (Servicios en ln̕ea)
|
| 843 |
|
|
|a Electrn̤ica. Abierta
|
| 853 |
|
|
|8 1
|i (year)
|j (month)
|k (day)
|
| 856 |
4 |
0 |
|u http://vlex.com/source/2899
|z Acceso restringido
|
| 942 |
|
|
|c REV
|
| 999 |
|
0 |
|a Environmental law
|z United States
|v Periodicals.
|